header

Research in counselling and psychotherapy (Record no. 56117)

MARC details
000 -LEADER
fixed length control field 01282nam a2200325Ia 4500
245 00 - TITLE STATEMENT
Title Research in counselling and psychotherapy
260 ## - PUBLICATION, DISTRIBUTION, ETC. (IMPRINT)
Place of publication London ;
-- Thousand Oaks [Calif.] :
Name of publisher Sage Publications,
Year of publication c1996.
300 ## - PHYSICAL DESCRIPTION
Number of Pages x, 263 p. :
Other physical details ill.
650 #0 - SUBJECT ADDED ENTRY--TOPICAL TERM
Topical Term Counseling
Topical Term Psychotherapy
700 1# - ADDED ENTRY--PERSONAL NAME
Personal name Dryden, Windy.
856 40 - ELECTRONIC LOCATION AND ACCESS
Uniform Resource Identifier http://site.ebrary.com/lib/rucke/Doc?id=10326876

No items available.

© 2026 Rongo University
Contact us: librarian | system librarian | Rongo university